Movies Quiz

Random Movies or Pixar Quiz

Pixar Films by Obscure Characters Quiz Stats

 Plays Quiz not verified by Sporcle

Score 0/11 Timer 05:00
2 Plays Today
Character Film % Correct
Geri, Tour Guide Barbie, Rock 'Em Sock 'Em RobotsToy Story 2
93.2%
Deb, Peach, SheldonFinding Nemo
75%
Kari, Gilbert, Bomb VoyageThe Incredibles
74.2%
Stretch, Chunk, TotoroToy Story 3
63.9%
Shelby Forthright, Computer, MaryWALL-E
63.7%
Dim, Roll, Dr. FloraA Bug's Life
59%
Mia, Lizzie, Bob CutlassCars
58%
Needleman, George Sanderson, Ms. FlintMonsters, Inc.
55.8%
Lenny, Rocky, JanieToy Story
54.2%
Lalo, Larousse, HorstRatatouille
52.8%
Tom, Edith, SteveUp
52.1%

You're not logged in!

Compare scores with friends on all Sporcle quizzes.
OR
Log In

You Might Also Like...

Show Comments

Extras

Top Quizzes Today


Score Distribution

Your Account Isn't Verified!

In order to create a playlist on Sporcle, you need to verify the email address you used during registration. Go to your Sporcle Settings to finish the process.

Report this User

Report this user for behavior that violates our Community Guidelines.

Details: